000 01010nam a2200277 a 4500
001 60308
003 BD-RjUL
005 20211209080826.0
008 161230s1931 ii a a 001 0 eng
035 _a(BD-RjUL)60432
040 _aDLC
_cDLC
_dBD-RjUL
_beng
041 _aeng
082 _223
_a338.0954
_bVAG 1931
100 1 _aVakil, C. N.
_q(Chandulal Nagindas),
_d1895-1979.
_9179475
245 1 0 _aGrowth of trade and industry in modern India :
_ban introductory survey /
_cby C.N. Vakil, S.C. Bose, and P.V. Deolalkar.
260 _aCalcutta ;
_aNew York :
_bLongmans, Green and Co.,
_cc1931
300 _axii, 398 p. ;
_c21 cm.
490 _aSAMP early 20th-century Indian books project ;
_vitem 08788.
500 _aIncludes index.
650 0 _aIndustries
_zIndia.
_9175996
651 0 _aIndia
_xCommerce.
_9179221
700 1 _aBose, Suresh Chunder.
_9179476
700 1 _aDeolalkar, P. V.
_9179477
830 0 _aSAMP early 20th-century Indian books project ;
_vitem 08788.
_9179479
942 _2ddc
_cBK
999 _c60308
_d60308